Statistical reasoning in psychology and education / (Record no. 478634)
[ view plain ]
| 000 -LEADER | |
|---|---|
| fixed length control field | 01273pam a2200337 a 4500 |
| 001 - CONTROL NUMBER | |
| control field | 3924240 |
| 003 - CONTROL NUMBER IDENTIFIER | |
| control field | NUST |
| 005 - DATE AND TIME OF LATEST TRANSACTION | |
| control field | 20180620081327.0 |
| 008 - FIXED-LENGTH DATA ELEMENTS--GENERAL INFORMATION | |
| fixed length control field | 921006s1993 nyua b 001 0 eng |
| 010 ## - LIBRARY OF CONGRESS CONTROL NUMBER | |
| LC control number | 92033570 |
| 020 ## - INTERNATIONAL STANDARD BOOK NUMBER | |
| International Standard Book Number | 0471821888 (acidfree paper) |
| 038 ## - RECORD CONTENT LICENSOR | |
| Staff Name | 0 |
| 040 ## - CATALOGING SOURCE | |
| Original cataloging agency | DLC |
| Transcribing agency | DLC |
| Modifying agency | DLC |
| 050 00 - LIBRARY OF CONGRESS CALL NUMBER | |
| Classification number | BF39 |
| Item number | .M56 1993 |
| 082 00 - DEWEY DECIMAL CLASSIFICATION NUMBER | |
| Classification number | 150/.72 |
| Edition number | 20 |
| 100 1# - MAIN ENTRY--PERSONAL NAME | |
| Personal name | Minium, Edward W., |
| Dates associated with a name | 1917- |
| 9 (RLIN) | 11144 |
| 245 10 - TITLE STATEMENT | |
| Title | Statistical reasoning in psychology and education / |
| Statement of responsibility, etc. | Edward W. Minium, Bruce M. King, Gordon Bear. |
| 250 ## - EDITION STATEMENT | |
| Edition statement | 3rd ed. |
| 260 ## - PUBLICATION, DISTRIBUTION, ETC. | |
| Place of publication, distribution, etc. | New York : |
| Name of publisher, distributor, etc. | Wiley, |
| Date of publication, distribution, etc. | c1993. |
| 300 ## - PHYSICAL DESCRIPTION | |
| Extent | xiii, 590 p. : |
| Other physical details | col. ill. ; |
| Dimensions | 27 cm. |
| 504 ## - BIBLIOGRAPHY, ETC. NOTE | |
| Bibliography, etc. note | Includes bibliographical references (p. 580-583) and index. |
| 650 #0 - SUBJECT ADDED ENTRY--TOPICAL TERM | |
| Topical term or geographic name entry element | Psychometrics. |
| 9 (RLIN) | 10728 |
| 650 #0 - SUBJECT ADDED ENTRY--TOPICAL TERM | |
| Topical term or geographic name entry element | Educational statistics. |
| 9 (RLIN) | 11145 |
| 700 1# - ADDED ENTRY--PERSONAL NAME | |
| Personal name | King, Bruce M. |
| 9 (RLIN) | 11146 |
| 700 1# - ADDED ENTRY--PERSONAL NAME | |
| Personal name | Bear, Gordon R., |
| Dates associated with a name | 1941- |
| 9 (RLIN) | 11147 |
| 856 4# - ELECTRONIC LOCATION AND ACCESS | |
| Materials specified | Table of Contents only |
| Uniform Resource Identifier | <a href="http://www.loc.gov/catdir/toc/onix01/92033570.html">http://www.loc.gov/catdir/toc/onix01/92033570.html</a> |
| 856 42 - ELECTRONIC LOCATION AND ACCESS | |
| Materials specified | Publisher description |
| Uniform Resource Identifier | <a href="http://www.loc.gov/catdir/enhancements/fy0607/92033570-d.html">http://www.loc.gov/catdir/enhancements/fy0607/92033570-d.html</a> |
| 906 ## - LOCAL DATA ELEMENT F, LDF (RLIN) | |
| a | 7 |
| b | cbc |
| c | orignew |
| d | 1 |
| e | ocip |
| f | 19 |
| g | y-gencatlg |
| 942 ## - ADDED ENTRY ELEMENTS (KOHA) | |
| Source of classification or shelving scheme | |
| Koha item type | Book |
| Withdrawn status | Lost status | Source of classification or shelving scheme | Damaged status | Not for loan | Collection code | Permanent Location | Current Location | Shelving location | Date acquired | Total Checkouts | Full call number | Barcode | Date last seen | Price effective from | Koha item type |
|---|---|---|---|---|---|---|---|---|---|---|---|---|---|---|---|
| Central Library (CL) | Central Library (CL) | General Stacks | 06/20/2018 | 150/.72 MIN | S3H-D-333 | 06/20/2018 | 06/20/2018 | Book |
